Normal view
MARC view
- TELECOMMUNICATION SYSTEMS -TECHNOLOGICAL INNOVATIONS
Entry Topical Term
001 - CONTROL NUMBER
- control field: 76247
003 - CONTROL NUMBER IDENTIFIER
- control field: NUST
005 - DATE AND TIME OF LATEST TRANSACTION
- control field: 20210628205616.0
008 - FIXED-LENGTH DATA ELEMENTS
- fixed length control field: 210628|| aca||aabn | a|a d
040 ## - CATALOGING SOURCE
- Original cataloging agency: NUST
- Transcribing agency: NUST
150 ## - HEADING--TOPICAL TERM
- Topical term or geographic name entry element: TELECOMMUNICATION SYSTEMS -TECHNOLOGICAL INNOVATIONS
670 ## - SOURCE DATA FOUND
- Source citation: Work cat.: (NUST): Mirabito, Michael M. A 76246, The new communications technologies, 1997
